000 00759nam a22001937a 4500
999 _c190554
_d190554
005 20220727153317.0
010 _aENG-134065
020 _a9789391373122
_c800.00
035 _aEN-117597
037 _bDBAD/PUB
082 _a600
245 _aImpact of Smart Technologies and Artifical Intelligence Paving Path Towards Interdisciplinary Research In the Fields of Engineering, Arts, Humanities, Commerce, Economics, Social Science Law and Management-Challenges And Opportunities/
_cEdited by Sundari Suresh, S. Radha Rammohan and K. Bharath
260 _bShanlax Publication
_c2021
300 _a316p.
_c24cm(pbk)
700 _aSuresh, Sundari
700 _aRammohan, S. Radha
700 _aBharath, K.
942 _2ddc
_cEN
_h600
_mIMP